Statistiques concernant Brassens - Dans l'eau de la claire fontaine

Cliquez ici pour prendre le quiz!

Statistiques générales

  • Ce quiz a été pris 55 fois
  • Le résultat moyen est 97 sur 138

Statistiques - réponses

Paroles% Correct
a
100%
à
100%
claire
100%
fontaine
100%
La
100%
la
100%
Le
97%
le
97%
dans
94%
Dans
94%
de
94%
l'eau
91%
se
88%
Elle
85%
elle
85%
Je
85%
me
85%
du
82%
les
82%
toute
82%
baignait
79%
des
79%
En
79%
nue
79%
Un
76%
Une
76%
vent
74%
fit
71%
Pour
71%
pour
71%
qu'il
71%
Qu'il
71%
ses
71%
seule
71%
si
71%
avec
68%
Avec
68%
Dieu
68%
feuille
68%
priant
68%
baigner
65%
soudaine
65%
belle
62%
Car
62%
habits
62%
lui
62%
ou
62%
pas
62%
suffi
62%
vigne
62%
jeu
59%
Mais
59%
signe
59%
bien
56%
Comme
56%
d'oranger
56%
dut
56%
Fleurs
56%
fleurs
56%
l'ingénue
56%
nues
56%
plaire
56%
Qu'elle
56%
rose
56%
souvent
56%
bout
53%
chercher
53%
d'aller
53%
déshabillée
53%
grosse
53%
jeta
53%
n'était
53%
bras,
50%
corsage
50%
cotillon
50%
lèvres
50%
petite
50%
pris
50%
tant
50%
vêtir,
50%
fièvre
47%
fis
47%
fut
47%
pétales
47%
Qu'une
47%
remercier
47%
saute
47%
tendit
47%
feuilles
44%
lis,
44%
monceaux
44%
s'alla
41%
détresse,
35%
pampre
35%
belle était
12%

Distribution des résultats

Percentile par nombre de réponses

% des personnes avec chaque résultat

Votre développement - résultats

Vous n’avez pas pris ce quiz